[Event "XXXI Memorial Edoardo Crespi B"]
[Site "Milano ITA"]
[Date "2010.12.05"]
[Round "2"]
[White "Laurino, Alberto"]
[Black "Morandi, Daniele"]
[Result "0-1"]
[WhiteElo "1801"]
[BlackElo "1925"]
[PlyCount "58"]
[EventDate "2010.12.04"]

1. e4 e5 2. Nf3 Nc6 3. Bc4 Bc5 4. O-O Nf6 5. Nc3 d6 6. d3 Bg4 7. Bg5 h6 8. Bh4
Nd4 9. Nd5 g5 10. Bg3 c6 11. Ne3 Nxf3+ 12. gxf3 Bh3 13. Re1 h5 14. Nf5 h4 15.
Bxe5 dxe5 16. c3 Qd7 17. d4 exd4 18. cxd4 Bb4 19. Re3 O-O-O 20. Qb3 Ba5 21.
Bxf7 Bxf5 22. exf5 Qxd4 23. Rc1 Bb6 24. Re2 g4 25. Rc4 Qd1+ 26. Qxd1 Rxd1+ 27.
Kg2 h3+ 28. Kg3 Bc7+ 29. f4 Rg1# 0-1

[Event "XXXI Memorial Edoardo Crespi B"]
[Site "Milano ITA"]
[Date "2010.12.05"]
[Round "2"]
[White "Libutti, Michele"]
[Black "Paganini, Andrea"]
[Result "0-1"]
[WhiteElo "1781"]
[BlackElo "1840"]
[PlyCount "96"]
[EventDate "2010.12.04"]

1. d4 d5 2. c4 c6 3. Nf3 Nf6 4. Nc3 a6 5. e3 dxc4 6. Bxc4 b5 7. Bd3 Bg4 8. O-O
e6 9. a3 Be7 10. h3 Bh5 11. Ne4 O-O 12. Ng3 Bxf3 13. Qxf3 Qd5 14. Qxd5 cxd5 15.
e4 Nc6 16. Be3 dxe4 17. Nxe4 Nd5 18. b4 e5 19. dxe5 Nxe3 20. fxe3 Nxe5 21. Be2
Rac8 22. Rac1 Rfd8 23. Rfd1 Rxd1+ 24. Rxd1 Rc2 25. Rd2 Rc1+ 26. Kf2 g6 27. Rd1
Rxd1 28. Bxd1 Nc4 29. Nc5 a5 30. Be2 Nxa3 31. Nb3 axb4 32. Nd4 b3 33. Nxb5 Nc2
34. Nc3 Bc5 35. Bd1 Nxe3 36. Ke2 Nxd1 37. Kxd1 Bd4 38. Nb5 Be5 39. Na3 f5 40.
Nc4 Bh8 41. Kc1 Kf7 42. Nd2 b2+ 43. Kb1 Ke6 44. Nc4 Kd5 45. Nxb2 Bxb2 46. Kxb2
Ke4 47. Kc3 Kf4 48. h4 Kg3 0-1

[Event "XXXI Memorial Edoardo Crespi B"]
[Site "Milano ITA"]
[Date "2010.12.05"]
[Round "2"]
[White "Margstahler, Francesco"]
[Black "Mansueti, Marco"]
[Result "0-1"]
[WhiteElo "1790"]
[BlackElo "1873"]
[PlyCount "62"]
[EventDate "2010.12.04"]

1. e4 e5 2. Nf3 Nc6 3. Nc3 Bc5 4. Nxe5 Nxe5 5. d4 Bd6 6. dxe5 Bxe5 7. Bc4 c6 8.
Bxf7+ Kxf7 9. Qh5+ Ke6 10. Qf5+ Kd6 11. O-O Qf6 12. Rd1+ Kc7 13. Qh5 Ne7 14.
Bg5 Qe6 15. f4 Bxc3 16. bxc3 Qxe4 17. Re1 Qg6 18. Qe2 Nd5 19. c4 Nf6 20. Qe5+
d6 21. Qe7+ Bd7 22. Re6 Kc8 23. Bxf6 gxf6 24. Qxd6 Re8 25. Rxf6 Qe4 26. Rd1
Qe3+ 27. Kf1 Bg4 28. Rf8 Bxd1 29. Rxe8+ Qxe8 30. Qxd1 Kc7 31. c5 Rd8 0-1

[Event "XXXI Memorial Edoardo Crespi B"]
[Site "Milano ITA"]
[Date "2010.12.05"]
[Round "2"]
[White "Marincolo, Piercarlo"]
[Black "Marchini, Daniele"]
[Result "1-0"]
[WhiteElo "1953"]
[BlackElo "1847"]
[PlyCount "83"]
[EventDate "2010.12.04"]

1. d4 Nf6 2. Bg5 Ne4 3. Bh4 d5 4. Nf3 g6 5. e3 Bg7 6. Bd3 Nd6 7. O-O Bf5 8. Nc3
c6 9. Ne2 Nd7 10. Ng3 Bxd3 11. Qxd3 Nf6 12. Ne5 Nfe4 13. f4 f5 14. b3 Bf6 15.
Bxf6 exf6 16. Nf3 Nxg3 17. hxg3 Ne4 18. c4 h5 19. Nh4 Kf7 20. Rf3 Rc8 21. a4
Qa5 22. Rd1 Rhd8 23. Kh2 Qc7 24. c5 Qd7 25. b4 Rg8 26. Rdf1 a6 27. Rb1 g5 28.
fxg5 Rxg5 29. Rbf1 Qc7 30. Nxf5 Rxf5 31. Rxf5 Qxg3+ 32. Kg1 Rg8 33. Qe2 h4 34.
R1f3 Qg4 35. R5f4 Qg5 36. Qf1 Rg6 37. Rh3 Rh6 38. Qf3 Qg6 39. Rhxh4 Nd2 40. Qh3
Qb1+ 41. Kh2 Rg6 42. Rh7+ 1-0

[Event "XXXI Memorial Edoardo Crespi B"]
[Site "Milano ITA"]
[Date "2010.12.05"]
[Round "2"]
[White "Marino, Marco"]
[Black "D'Avino, Luca"]
[Result "1-0"]
[WhiteElo "1775"]
[BlackElo "1915"]
[PlyCount "53"]
[EventDate "2010.12.04"]

1. d4 c5 2. e3 e6 3. Nf3 Nf6 4. Nbd2 cxd4 5. exd4 d5 6. Bd3 Be7 7. O-O O-O 8.
c3 Nc6 9. Ne5 Bd6 10. f4 h6 11. Qf3 Ne7 12. Qh3 Bxe5 13. fxe5 Nh7 14. Nf3 Ng6
15. Bxh6 gxh6 16. Qxh6 Qe8 17. Nh4 Bd7 18. Rf6 Qe7 19. Raf1 a6 20. Nxg6 fxg6
21. Qxg6+ Qg7 22. Qxh7+ Qxh7 23. Bxh7+ Kg7 24. Rxf8 Rxf8 25. Rxf8 Kxf8 26. Kf2
Kg7 27. Bd3 1-0

[Event "XXXI Memorial Edoardo Crespi B"]
[Site "Milano ITA"]
[Date "2010.12.05"]
[Round "2"]
[White "Mei, Gianluca"]
[Black "Villalba, Fernando"]
[Result "1-0"]
[WhiteElo "1881"]
[BlackElo "1889"]
[PlyCount "85"]
[EventDate "2010.12.04"]

1. e4 c5 2. Nc3 Nc6 3. g3 d6 4. Bg2 g6 5. d3 Bg7 6. f4 Nf6 7. Nf3 O-O 8. O-O e6
9. h3 a6 10. g4 Nd7 11. f5 Nde5 12. Nxe5 Nxe5 13. Be3 Nc6 14. Qd2 Nd4 15. Nd1
exf5 16. c3 Nc6 17. exf5 Ne5 18. Bh6 f6 19. Bxg7 Kxg7 20. Ne3 g5 21. d4 cxd4
22. cxd4 Nc6 23. Nd5 Bd7 24. Rfe1 Rb8 25. Rac1 Rf7 26. Re3 Qa5 27. Qxa5 Nxa5
28. Nb6 Nc6 29. Bd5 Rbf8 30. Bxf7 Rxf7 31. Rce1 Nxd4 32. Nxd7 Nc6 33. Nb6 Ne5
34. Rc1 h5 35. Re4 hxg4 36. hxg4 Nf3+ 37. Kg2 Ne5 38. Nd5 Kh6 39. Rc7 Rf8 40.
Rxb7 Rc8 41. Rc7 Rb8 42. b3 Rf8 43. Re1 1-0

[Event "XXXI Memorial Edoardo Crespi B"]
[Site "Milano ITA"]
[Date "2010.12.05"]
[Round "2"]
[White "Merlotti, Marco"]
[Black "Fornasir, Carlo Gustavo"]
[Result "0-1"]
[WhiteElo "1797"]
[BlackElo "1876"]
[PlyCount "92"]
[EventDate "2010.12.04"]

1. d4 Nf6 2. c4 g6 3. Nc3 Bg7 4. e4 d6 5. Nf3 O-O 6. Be2 Nbd7 7. O-O e5 8. Re1
Re8 9. Bf1 exd4 10. Nxd4 Nc5 11. f3 Nh5 12. Be3 Ne6 13. g3 Bd7 14. Qd2 a6 15.
Rad1 Rb8 16. a4 Nxd4 17. Bxd4 Bxd4+ 18. Qxd4 Bc6 19. b4 b6 20. b5 Bb7 21. Nd5
axb5 22. axb5 Bxd5 23. cxd5 Nf6 24. Bh3 Ra8 25. f4 Nd7 26. e5 Nc5 27. e6 f5 28.
Re3 Ra4 29. Qb2 Qe7 30. g4 fxg4 31. Bxg4 Rxf4 32. h3 Qg5 33. Kh2 Rxg4 34. hxg4
Qxe3 35. Rf1 Qe5+ 36. Qxe5 dxe5 37. Rf7 Rc8 38. Kg2 Ne4 39. Rd7 Nf6 40. Rf7
Nxd5 41. Rd7 Nf6 42. Rf7 Nxg4 43. Kg3 Nh6 44. Rd7 Nf5+ 45. Kf2 Re8 46. Rxc7
Rxe6 0-1

[Event "XXXI Memorial Edoardo Crespi B"]
[Site "Milano ITA"]
[Date "2010.12.05"]
[Round "2"]
[White "Miracola, Massimiliano"]
[Black "Acunzo, Domenico"]
[Result "1-0"]
[WhiteElo "1862"]
[BlackElo "1790"]
[PlyCount "65"]
[EventDate "2010.12.04"]

1. e4 e6 2. d4 d5 3. Nc3 Bb4 4. e5 c5 5. a3 Bxc3+ 6. bxc3 Ne7 7. h4 Nbc6 8. h5
h6 9. Qg4 Nf5 10. Bd3 Nce7 11. Nf3 Qa5 12. Bd2 c4 13. Be2 Bd7 14. Qh3 g6 15. g4
Ng7 16. Qh4 Ng8 17. hxg6 fxg6 18. O-O Ba4 19. Rab1 Qc7 20. Rfc1 b5 21. Bg5 Qf7
22. Bf6 Kd7 23. Rb4 Nxf6 24. exf6 Kc7 25. fxg7 Qxg7 26. Qg3+ Kb7 27. Rcb1 Kc8
28. Qd6 Qd7 29. Qa6+ Kd8 30. Ne5 Qc7 31. Rxa4 bxa4 32. Rb7 Qc8 33. Qd6+ 1-0

[Event "XXXI Memorial Edoardo Crespi B"]
[Site "Milano ITA"]
[Date "2010.12.05"]
[Round "2"]
[White "Moroni, Luca jr"]
[Black "Oteri, Aldo"]
[Result "1-0"]
[WhiteElo "1744"]
[BlackElo "1833"]
[PlyCount "109"]
[EventDate "2010.12.04"]

1. e4 e6 2. d4 d5 3. exd5 exd5 4. Bd3 Bd6 5. Nf3 Ne7 6. O-O Nbc6 7. c3 Bf5 8.
Bg5 Qd7 9. Bxe7 Nxe7 10. Re1 f6 11. Bxf5 Qxf5 12. Na3 c6 13. Nc2 O-O-O 14. Ne3
Qd7 15. b4 g5 16. a4 Kb8 17. Qd3 h5 18. b5 Rc8 19. Reb1 c5 20. Rc1 c4 21. Qc2
Bf4 22. Re1 h4 23. h3 f5 24. Ne5 Bxe5 25. dxe5 g4 26. e6 Qxe6 27. Nxg4 Qd6 28.
Ne3 Qg6 29. Rad1 Rhg8 30. f3 Rce8 31. Qf2 Qf6 32. Rd4 Qd6 33. Qxh4 Ng6 34. Qf2
Ne5 35. Rxd5 Qa3 36. Nxf5 Nd3 37. Rxe8+ Rxe8 38. Qg3+ Ka8 39. Qd6 Qc1+ 40. Kh2
Qg5 41. h4 Rh8 42. Qg3 Qf6 43. Qh3 Nb2 44. Qg4 Nxa4 45. Rd6 Qxc3 46. Qd4 Qxd4
47. Rxd4 Nb6 48. Ne3 Rc8 49. h5 c3 50. Nc2 a5 51. bxa6 bxa6 52. g4 a5 53. Rd1
Nc4 54. Ra1 Rd8 55. h6 1-0

[Event "XXXI Memorial Edoardo Crespi B"]
[Site "Milano ITA"]
[Date "2010.12.05"]
[Round "2"]
[White "Motola, Jacopo"]
[Black "Lancianese, Giuseppe"]
[Result "1-0"]
[WhiteElo "1837"]
[BlackElo "1784"]
[PlyCount "75"]
[EventDate "2010.12.04"]

1. e4 d5 2. exd5 Nf6 3. c4 c6 4. d4 cxd5 5. Nc3 e6 6. Nf3 Nc6 7. Bf4 Nh5 8. Be3
Nf6 9. Bd3 Be7 10. Qd2 Nb4 11. O-O Nxd3 12. Qxd3 O-O 13. c5 Bd7 14. b4 b6 15.
a4 Qc7 16. Ne5 bxc5 17. Nxd7 Qxd7 18. bxc5 h6 19. Bf4 Nh5 20. Bg3 Nxg3 21. Qxg3
Rfb8 22. Rab1 Rxb1 23. Rxb1 Bf6 24. Qd3 Qc7 25. Rb5 Qf4 26. Ne2 Qe4 27. Qxe4
dxe4 28. g3 Rd8 29. c6 Rc8 30. Rc5 Kf8 31. Rc4 Be7 32. Nc3 f5 33. Nb5 a6 34. c7
axb5 35. axb5 Bd8 36. b6 Bxc7 37. Rxc7 Rb8 38. b7 1-0

[Event "XXXI Memorial Edoardo Crespi B"]
[Site "Milano ITA"]
[Date "2010.12.05"]
[Round "2"]
[White "Papa, Angelo"]
[Black "Monticone, Sonia"]
[Result "1/2-1/2"]
[WhiteElo "1823"]
[BlackElo "1827"]
[PlyCount "44"]
[EventDate "2010.12.04"]

1. d4 d5 2. Nf3 Nf6 3. c4 c6 4. cxd5 cxd5 5. Nc3 e6 6. Bf4 Bd6 7. Bxd6 Qxd6 8.
e3 O-O 9. Bd3 Nbd7 10. O-O b6 11. Rc1 Bb7 12. Nb5 Qe7 13. Rc7 Rab8 14. Nxa7 Ne8
15. Rc3 Ra8 16. Ra3 Nd6 17. Qb3 e5 18. dxe5 Nxe5 19. Nxe5 Qxe5 20. Rc1 Nc4 21.
Bxc4 dxc4 22. Qxc4 Qxb2 1/2-1/2

[Event "XXXI Memorial Edoardo Crespi B"]
[Site "Milano ITA"]
[Date "2010.12.05"]
[Round "2"]
[White "Pasquotto, Mirko"]
[Black "Palmieri, Giovanni"]
[Result "1-0"]
[WhiteElo "1926"]
[BlackElo "1806"]
[PlyCount "47"]
[EventDate "2010.12.04"]

1. d4 Nf6 2. c4 e5 3. dxe5 Ng4 4. Bf4 g5 5. Bg3 Bg7 6. Nf3 Nc6 7. Nc3 Ngxe5 8.
Nxe5 Nxe5 9. e3 d6 10. Be2 O-O 11. h4 f6 12. Qc2 g4 13. h5 h6 14. O-O-O f5 15.
Nd5 Bd7 16. Bh4 Qb8 17. Ne7+ Kh8 18. f4 gxf3 19. gxf3 Rf7 20. Ng6+ Nxg6 21.
hxg6 Rf8 22. Bg5 Qe8 23. Bxh6 Bxh6 24. Qc3+ 1-0

[Event "XXXI Memorial Edoardo Crespi B"]
[Site "Milano ITA"]
[Date "2010.12.05"]
[Round "2"]
[White "Piantoni, Pierino"]
[Black "Aliberti, Emilio"]
[Result "1/2-1/2"]
[WhiteElo "1960"]
[BlackElo "1900"]
[PlyCount "112"]
[EventDate "2010.12.04"]

1. Nf3 d5 2. c4 c6 3. b3 Nf6 4. Bb2 Bf5 5. Nh4 Bg6 6. g3 e6 7. Bg2 Bd6 8. O-O
Nbd7 9. d4 Be4 10. f3 Bxb1 11. Qxb1 g5 12. Nf5 exf5 13. Qxf5 Nh5 14. Qd3 O-O
15. e4 Ng7 16. e5 Be7 17. cxd5 cxd5 18. f4 Nb6 19. f5 f6 20. h4 g4 21. h5 Nxh5
22. Qe2 Kh8 23. Qxg4 Qe8 24. Qf3 Rc8 25. g4 Ng7 26. Qd3 h6 27. Qd2 Kh7 28. Rae1
fxe5 29. dxe5 Qb5 30. Kh1 Bb4 31. Qe3 Bxe1 32. Rxe1 Qc5 33. Bd4 Qc2 34. Bf1
Qe4+ 35. Qxe4 dxe4 36. Rxe4 Rc1 37. Kg2 Rfc8 38. Bd3 Rd1 39. Be2 Rc2 40. Kf3
Rdd2 41. Bf1 Nd5 42. e6 Ne8 43. Bc4 Nef6 44. e7 Nxe4 45. Bxd5 Ng5+ 46. Ke3 Rxd4
47. e8=Q Rxd5 48. Qg6+ Kh8 49. Qxh6+ Nh7 50. f6 Rg5 51. f7 Rc8 52. Kf4 Rg7 53.
g5 Rxf7+ 54. Ke4 Rg8 55. g6 Rfg7 56. gxh7 Rxh7 1/2-1/2

[Event "XXXI Memorial Edoardo Crespi B"]
[Site "Milano ITA"]
[Date "2010.12.05"]
[Round "2"]
[White "Pierandrei, Cristiano"]
[Black "Calzolari, Giampietro"]
[Result "1-0"]
[WhiteElo "1941"]
[BlackElo "1859"]
[PlyCount "71"]
[EventDate "2010.12.04"]

1. Nf3 Nf6 2. c4 g6 3. Nc3 Bg7 4. e4 d6 5. d4 O-O 6. Be2 e5 7. O-O Nc6 8. d5
Ne7 9. Ne1 Nd7 10. Nd3 f5 11. Bd2 Nf6 12. f3 f4 13. c5 g5 14. Rc1 Ng6 15. Nb5
Rf7 16. Ba5 b6 17. cxd6 cxd6 18. Be1 a6 19. Nc3 h5 20. Nb4 Ne7 21. Bf2 Bf8 22.
Na4 Nd7 23. Nc6 Nxc6 24. dxc6 Nc5 25. Nxc5 bxc5 26. Bc4 Qe8 27. Bxf7+ Kxf7 28.
b4 Qxc6 29. bxc5 dxc5 30. Qd8 Be7 31. Qh8 Be6 32. Qxe5 Bxa2 33. Bxc5 Bf6 34.
Qf5 Qe6 35. Qh7+ Bg7 36. Bd4 1-0

[Event "XXXI Memorial Edoardo Crespi B"]
[Site "Milano ITA"]
[Date "2010.12.05"]
[Round "2"]
[White "Reina, Giuseppe"]
[Black "Riccio, Luigi"]
[Result "0-1"]
[WhiteElo "1841"]
[BlackElo "1929"]
[PlyCount "86"]
[EventDate "2010.12.04"]

1. Nf3 d5 2. d4 Nf6 3. c4 e6 4. Nc3 Nbd7 5. Bg5 Be7 6. e3 O-O 7. Rc1 c6 8. Bd3
dxc4 9. Bxc4 Nd5 10. Bxe7 Qxe7 11. O-O Nxc3 12. Rxc3 e5 13. dxe5 Nxe5 14. Nxe5
Qxe5 15. f4 Qe7 16. Qf3 Bf5 17. Bd3 Bxd3 18. Rxd3 f5 19. Re1 Rfe8 20. e4 fxe4
21. Rde3 Qc5 22. Qf2 Qd4 23. R3e2 Rad8 24. Qxd4 Rxd4 25. Re3 Kf7 26. g4 c5 27.
Kf2 b5 28. b3 Re6 29. Rc1 Rd5 30. Rce1 Rd2+ 31. R1e2 Rxe2+ 32. Rxe2 Kf6 33. Rc2
e3+ 34. Kf3 e2 35. Rxe2 Rxe2 36. Kxe2 Ke6 37. Ke3 Kd5 38. Kd3 g6 39. Ke3 h5 40.
gxh5 gxh5 41. a4 a6 42. Kd3 h4 43. Kc3 Ke4 0-1

[Event "XXXI Memorial Edoardo Crespi B"]
[Site "Milano ITA"]
[Date "2010.12.05"]
[Round "2"]
[White "Rossi, Giampiero"]
[Black "Memarian, Milad"]
[Result "1/2-1/2"]
[WhiteElo "1906"]
[BlackElo "2018"]
[PlyCount "56"]
[EventDate "2010.12.04"]

1. d4 Nf6 2. c4 c5 3. dxc5 e6 4. Nc3 Bxc5 5. Nf3 O-O 6. a3 a5 7. Bg5 Nc6 8. e3
h6 9. Bh4 Be7 10. Be2 d5 11. cxd5 Nxd5 12. Bxe7 Ncxe7 13. Nxd5 Qxd5 14. Qxd5
Nxd5 15. O-O Rd8 16. Rfd1 Bd7 17. Rd4 Kf8 18. Rad1 Ke7 19. Ne5 Be8 20. Bf3 f6
21. Nc4 Bc6 22. Bxd5 Rxd5 23. Nb6 Rxd4 24. Rxd4 Ra6 25. Nc8+ Ke8 26. Nd6+ Ke7
27. Nc8+ Ke8 28. Nd6+ Ke7 1/2-1/2

[Event "XXXI Memorial Edoardo Crespi B"]
[Site "Milano ITA"]
[Date "2010.12.05"]
[Round "2"]
[White "Rota, Giacomo"]
[Black "Petrone, Gianmario"]
[Result "1-0"]
[WhiteElo "2011"]
[BlackElo "1778"]
[PlyCount "43"]
[EventDate "2010.12.04"]

1. d4 d5 2. Nf3 Nf6 3. g3 e6 4. Bg2 Bd6 5. O-O O-O 6. Nbd2 Nbd7 7. c4 c6 8. b3
b6 9. Bb2 Bb7 10. Rc1 c5 11. e3 Rc8 12. Qe2 Re8 13. Rfd1 e5 14. dxe5 Nxe5 15.
Nxe5 Bxe5 16. Bxe5 Rxe5 17. cxd5 Bxd5 18. Nc4 Re8 19. Bxd5 Nxd5 20. Qf3 Qf6 21.
Qxd5 Rcd8 22. Qb7 1-0

[Event "XXXI Memorial Edoardo Crespi B"]
[Site "Milano ITA"]
[Date "2010.12.05"]
[Round "2"]
[White "Silari, Andrea"]
[Black "Ganci, Stefano"]
[Result "0-1"]
[WhiteElo "1805"]
[BlackElo "1891"]
[PlyCount "100"]
[EventDate "2010.12.04"]

1. e4 Nc6 2. d4 e5 3. d5 Nce7 4. Nf3 Ng6 5. Nc3 Bb4 6. Bd2 d6 7. h3 h5 8. g3
Bd7 9. Bd3 Qc8 10. Bb5 N8e7 11. Bxd7+ Qxd7 12. Ng5 Nf8 13. f4 f6 14. fxe5 dxe5
15. Nf3 Nc8 16. Qe2 Nd6 17. O-O-O O-O-O 18. Nb1 Qa4 19. Bxb4 Qxb4 20. Nfd2 Nd7
21. Rhe1 Nb6 22. a3 Qb5 23. Qxb5 Nxb5 24. Nf3 Nd6 25. b3 Nd7 26. Kb2 b5 27.
Nbd2 Kb7 28. c4 a6 29. Rc1 bxc4 30. Nxc4 Nc5 31. Nxd6+ cxd6 32. Rc3 Rc8 33. Nd2
Rc7 34. Nc4 Rd7 35. Nxd6+ Rxd6 36. Rxc5 Rc8 37. Rec1 Rxc5 38. Rxc5 Rd8 39. b4
Rf8 40. Rc3 f5 41. Rf3 g6 42. Kb3 Kc7 43. Kc4 Kd6 44. a4 Rc8+ 45. Kb3 fxe4 46.
Rf6+ Kxd5 47. Rxa6 e3 48. Ra5+ Kd4 49. Ra7 e2 50. Rd7+ Ke4 0-1

[Event "XXXI Memorial Edoardo Crespi B"]
[Site "Milano ITA"]
[Date "2010.12.05"]
[Round "2"]
[White "Sirletti, Sonia"]
[Black "Piazza, Angelo"]
[Result "0-1"]
[WhiteElo "1903"]
[BlackElo "1959"]
[PlyCount "140"]
[EventDate "2010.12.04"]

1. d4 f5 2. Nc3 Nf6 3. Bg5 e6 4. e4 fxe4 5. Nxe4 Be7 6. Nxf6+ Bxf6 7. h4 b6 8.
Bd3 Qe7 9. c3 Bb7 10. Nf3 Nc6 11. Qe2 O-O-O 12. O-O-O h6 13. Bxf6 Qxf6 14. Kb1
Rhf8 15. h5 Ne7 16. Be4 Bxe4+ 17. Qxe4 Qf5 18. Rde1 Nd5 19. Rh4 c6 20. Qxf5
Rxf5 21. Re5 Rdf8 22. Rxf5 Rxf5 23. Rg4 Rf7 24. Kc2 d6 25. Kd2 Nf4 26. Ke3 Nxh5
27. Rh4 Nf6 28. c4 c5 29. dxc5 bxc5 30. Ke2 Rb7 31. b3 a5 32. Nd2 a4 33. Rh3
axb3 34. axb3 Kd8 35. Kf3 Ke7 36. Ke2 Ra7 37. Kd3 Ra2 38. Kc3 h5 39. Rh1 g6 40.
f3 d5 41. Rd1 d4+ 42. Kd3 Kd6 43. g3 Ra3 44. Kc2 e5 45. Kb2 Ra7 46. Re1 g5 47.
Rh1 Rh7 48. Kc2 h4 49. g4 Ra7 50. Kb2 Re7 51. Re1 Re8 52. Ra1 h3 53. Rh1 e4 54.
Nxe4+ Nxe4 55. fxe4 Rh8 56. Kc2 Ke5 57. Kd3 h2 58. b4 Rh3+ 59. Ke2 cxb4 60. Kf2
Kxe4 61. Kg2 Rh4 62. Re1+ Kd3 63. c5 b3 64. Kh1 b2 65. c6 Rh6 66. c7 Rc6 67.
Kxh2 Rxc7 68. Rg1 Rc1 69. Rg3+ Kc4 70. Ra3 Rc2+ 0-1

[Event "XXXI Memorial Edoardo Crespi B"]
[Site "Milano ITA"]
[Date "2010.12.05"]
[Round "2"]
[White "Trent, Alan M."]
[Black "Illyuviev, Oleg"]
[Result "0-1"]
[WhiteElo "1816"]
[BlackElo "1988"]
[PlyCount "66"]
[EventDate "2010.12.04"]

1. e4 c5 2. d4 cxd4 3. c3 dxc3 4. Nxc3 Nc6 5. Nf3 g6 6. Bc4 Bg7 7. Bd2 Nf6 8.
e5 Ng4 9. Bxf7+ Kxf7 10. Ng5+ Kg8 11. Qxg4 Nxe5 12. Qe2 h6 13. Nf3 Nxf3+ 14.
Qxf3 Kh7 15. O-O Rf8 16. Qe2 d5 17. Rac1 a6 18. Rfd1 e6 19. Be3 Bd7 20. Qd2 Bc6
21. Ne2 e5 22. Bc5 Rf5 23. Ng3 Rf4 24. Be3 Rf7 25. Bc5 Qh4 26. Ba3 h5 27. Qb4
Qf6 28. f3 h4 29. Nf1 h3 30. Nd2 Bh6 31. Rc2 d4 32. Ne4 Bxe4 33. fxe4 Be3+ 0-1

[Event "XXXI Memorial Edoardo Crespi B"]
[Site "Milano ITA"]
[Date "2010.12.05"]
[Round "2"]
[White "Villa, Giorgio"]
[Black "Reale, Simone"]
[Result "1/2-1/2"]
[WhiteElo "1732"]
[BlackElo "1907"]
[PlyCount "75"]
[EventDate "2010.12.04"]

1. d4 Nf6 2. Nf3 d5 3. c4 c6 4. e3 g6 5. Bd3 Bg7 6. O-O O-O 7. Nbd2 Nbd7 8. b3
Re8 9. Bb2 e5 10. Nxe5 Nxe5 11. dxe5 Ng4 12. Nf3 Nxe5 13. Nxe5 Bxe5 14. Qc2
Bxb2 15. Qxb2 Be6 16. Rfd1 Qe7 17. Rac1 Rad8 18. Qe2 Qg5 19. Qc2 Bg4 20. Rd2
Bf3 21. g3 d4 22. exd4 Rxd4 23. Qc3 Red8 24. Re1 Be4 25. Re3 f5 26. c5 Bxd3 27.
Rexd3 Rxd3 28. Rxd3 Rxd3 29. Qxd3 Qc1+ 30. Kg2 Qxc5 31. Qd8+ Qf8 32. Qc7 Qf7
33. Qd8+ Kg7 34. Qd4+ Kh6 35. Qh4+ Kg7 36. Qd4+ Kh6 37. Qh4+ Kg7 38. Qd4+
1/2-1/2

[Event "XXXI Memorial Edoardo Crespi B"]
[Site "Milano ITA"]
[Date "2010.12.05"]
[Round "3"]
[White "Acunzo, Domenico"]
[Black "Scarpellini, Felice"]
[Result "1/2-1/2"]
[WhiteElo "1790"]
[BlackElo "1809"]
[PlyCount "62"]
[EventDate "2010.12.04"]

1. e4 d6 2. d4 g6 3. Nc3 Bg7 4. f4 a6 5. a4 b6 6. Nf3 Bb7 7. Bd3 Nd7 8. O-O c5
9. d5 Ngf6 10. Qe1 O-O 11. Bd2 Qc7 12. Ng5 h6 13. Nf3 Rac8 14. Qh4 c4 15. Be2
Nc5 16. f5 g5 17. Bxg5 hxg5 18. Nxg5 b5 19. Bf3 b4 20. Ne2 b3 21. c3 Nd3 22.
Nf4 Nxf4 23. Qxf4 Qc5+ 24. Kh1 Rfe8 25. Rae1 Rc7 26. Qh4 Bc8 27. Bh5 Rf8 28.
Bd1 Bb7 29. Rf3 Bxd5 30. exd5 Qxd5 31. Rff1 Qd2 1/2-1/2

[Event "XXXI Memorial Edoardo Crespi B"]
[Site "Milano ITA"]
[Date "2010.12.05"]
[Round "3"]
[White "Aliberti, Emilio"]
[Black "Pierandrei, Cristiano"]
[Result "0-1"]
[WhiteElo "1900"]
[BlackElo "1941"]
[PlyCount "98"]
[EventDate "2010.12.04"]

1. d4 d5 2. c4 c6 3. Nf3 Nf6 4. e3 e6 5. b3 Bb4+ 6. Bd2 Be7 7. Nc3 Nbd7 8. Bd3
O-O 9. O-O Re8 10. Qc2 g6 11. e4 dxe4 12. Nxe4 Bf8 13. Bg5 Bg7 14. Rad1 Qc7 15.
Nxf6+ Nxf6 16. Rfe1 Nd7 17. Bh4 b6 18. Bg3 e5 19. Nxe5 Nxe5 20. f4 Nf3+ 21.
gxf3 Rxe1+ 22. Rxe1 Bxd4+ 23. Kg2 f5 24. c5 b5 25. Bc4+ Kf8 26. Be6 Bxe6 27.
Rxe6 Kf7 28. Rd6 Rd8 29. Qd3 Rxd6 30. cxd6 Qxd6 31. Bf2 Be5 32. Qxd6 Bxd6 33.
Bxa7 Bxf4 34. a4 bxa4 35. bxa4 Ke6 36. a5 Kd7 37. Bb6 Bc7 38. Bxc7 Kxc7 39. Kf2
Kb7 40. Ke3 Ka6 41. Kd4 Kxa5 42. Kc5 Ka4 43. Kxc6 Kb4 44. Kd5 Kc3 45. Ke5 Kd3
46. Kf4 Ke2 47. h4 h5 48. Kg3 Ke3 49. Kg2 f4 0-1

[Event "XXXI Memorial Edoardo Crespi B"]
[Site "Milano ITA"]
[Date "2010.12.05"]
[Round "3"]
[White "Alidosi, Marco"]
[Black "Papa, Angelo"]
[Result "1/2-1/2"]
[WhiteElo "1811"]
[BlackElo "1823"]
[PlyCount "95"]
[EventDate "2010.12.04"]

1. d4 g6 2. Nf3 Bg7 3. Bf4 d6 4. h3 Nd7 5. e3 e5 6. dxe5 dxe5 7. Bg5 Ngf6 8.
Nbd2 O-O 9. Bc4 h6 10. Bh4 g5 11. Bg3 Qe7 12. c3 c6 13. Qe2 b5 14. Bb3 a5 15.
Nh2 Ba6 16. h4 Nd5 17. hxg5 Qxg5 18. c4 bxc4 19. Bxc4 Bxc4 20. Nxc4 Rfe8 21.
Nf1 Nf4 22. Bxf4 exf4 23. g3 fxe3 24. Nfxe3 Rab8 25. Kf1 Qg6 26. Qd2 Nc5 27.
Qxa5 Qd3+ 28. Kg2 Rb5 29. Qc7 Qe4+ 30. Kh2 Qf3 31. Qf4 Qxf4 32. gxf4 Rb4 33.
Kg2 Nd3 34. Kf3 Kh7 35. Rad1 Nxb2 36. Nxb2 Rxb2 37. Rd6 Rxa2 38. Rxc6 Ra3 39.
Kg2 Re6 40. Rc7 Rg6+ 41. Kf3 Rf6 42. Rc4 Rfa6 43. Rc7 Ra7 44. Rc6 R3a6 45. Rc4
Rd7 46. Rh2 Ra3 47. Kg4 Ra6 48. Kf3 1/2-1/2

[Event "XXXI Memorial Edoardo Crespi B"]
[Site "Milano ITA"]
[Date "2010.12.05"]
[Round "3"]
[White "Bosi, Clint"]
[Black "Kimbin, Richard Conrod"]
[Result "1-0"]
[WhiteElo "2049"]
[BlackElo "1928"]
[PlyCount "57"]
[EventDate "2010.12.04"]

1. f4 d5 2. Nf3 Bf5 3. d3 Nf6 4. g3 e6 5. Bg2 c6 6. e3 Bd6 7. Nc3 Nbd7 8. Qe2
Qb6 9. e4 d4 10. Nd1 Bg4 11. e5 Bb4+ 12. c3 dxc3 13. bxc3 Ba5 14. exf6 Nxf6 15.
Be3 Qa6 16. O-O Nd5 17. c4 Nxe3 18. Nxe3 Bb6 19. Kh1 Bh5 20. g4 Bxe3 21. Qxe3
Bxg4 22. Ne5 Bf5 23. Be4 Bxe4+ 24. Qxe4 f6 25. Nf3 Kf7 26. Rab1 Rad8 27. Rg1
Ke7 28. f5 e5 29. Nxe5 1-0

[Event "XXXI Memorial Edoardo Crespi B"]
[Site "Milano ITA"]
[Date "2010.12.05"]
[Round "3"]
[White "Calzolari, Giampietro"]
[Black "Lanni, Vincenzo"]
[Result "1/2-1/2"]
[WhiteElo "1859"]
[BlackElo "1803"]
[PlyCount "78"]
[EventDate "2010.12.04"]

1. e4 g6 2. d4 Bg7 3. Nc3 d6 4. f4 Nf6 5. Nf3 O-O 6. Bd3 c6 7. O-O Bg4 8. h3
Bxf3 9. Qxf3 Qb6 10. Ne2 Nbd7 11. Be3 Qc7 12. g4 e5 13. c3 b5 14. Ng3 a6 15. f5
d5 16. g5 Nxe4 17. Nxe4 dxe4 18. Bxe4 exd4 19. cxd4 Rfe8 20. f6 Bf8 21. Bf4 Qb6
22. Bxc6 Qxd4+ 23. Kh1 Rad8 24. Rad1 Qa7 25. Qg2 Nb6 26. Bxe8 Rxe8 27. Qc6 Rc8
28. Qg2 Nc4 29. b3 Ne3 30. Bxe3 Qxe3 31. Rfe1 Qf4 32. Re4 Qf5 33. Red4 Qc5 34.
Rd5 Qe3 35. R5d3 Qe5 36. Rd5 Qe3 37. R5d3 Qc5 38. Rd7 Rc7 39. Rd8 Rc8 1/2-1/2

[Event "XXXI Memorial Edoardo Crespi B"]
[Site "Milano ITA"]
[Date "2010.12.05"]
[Round "3"]
[White "Cattaneo, Marco"]
[Black "Marincolo, Piercarlo"]
[Result "1/2-1/2"]
[WhiteElo "1852"]
[BlackElo "1953"]
[PlyCount "87"]
[EventDate "2010.12.04"]

1. d4 Nf6 2. Nf3 d5 3. c4 c6 4. Nc3 e6 5. e3 a6 6. b3 Bb4 7. Bd2 O-O 8. Bd3
Nbd7 9. O-O c5 10. cxd5 exd5 11. Rc1 Re8 12. Na4 Bxd2 13. Qxd2 cxd4 14. Nxd4
Ne5 15. Bb1 Bd7 16. Nc5 b6 17. Nxd7 Qxd7 18. Rfd1 Rac8 19. Rxc8 Qxc8 20. Ne2
Qb8 21. h3 g6 22. Nf4 Rd8 23. Qe2 a5 24. Nd3 Ne4 25. Qb2 Nxd3 26. Bxd3 Nc5 27.
Be2 Rd6 28. Bf3 Qd8 29. Qe5 f6 30. Bxd5+ Kg7 31. Qd4 Ne6 32. Qc4 f5 33. Rd3 Nc7
34. Qc3+ Kh6 35. Bc4 b5 36. Rxd6 Qxd6 37. Be2 b4 38. Qc4 Ne6 39. Qb5 Qd2 40.
Bc4 Ng5 41. Qe5 Qxa2 42. h4 Ne4 43. Qf4+ Kg7 44. Qc7+ 1/2-1/2